000 00380nam a2200145Ia 4500
008 210210b1977 xxu||||| |||| 00| 0 eng d
082 _a220.6 MIRM
100 _aMIRANDA (Jose Porfirio).
245 _aMarx & the bible.
260 _aLondon
_bSCM Press Ltd.,
_c1977
300 _axxi,338
650 _aMarx Bible Philosophy Oppression
690 _aChristianity
906 _a034836
999 _c85794
_d85794